Matemática básica

El libro presenta una visión no tradicional de las matemáticas y de la ciencia que busca, partiendo de bases elementales, el desarrollo de las capacidades para identificar, definir, analizar, simplificar y solucionar problemas.

Guardat en:
Dades bibliogràfiques
Autor principal: Gómez Guzmán, Pedro
Format: Llibre
Idioma:Spanish
Publicat: Bogotá: Universidad de Los Andes, 1990
Matèries:
Accés en línia:Enlace del recurso
Etiquetes: Afegir etiqueta
Sense etiquetes, Sigues el primer a etiquetar aquest registre!

MARC

LEADER 00000nam a2200000 a 4500
001 000853
008 040608s1990 ck a fr# #000|0#spa#d
020 |a 958-9216-05-6 
041 0 |a spa 
043 |a s-ck--- 
082 0 4 |a 510.711  |b G552m 
100 1 |a Gómez Guzmán, Pedro 
245 1 0 |a Matemática básica   |c Pedro Gómez Guzmán 
260 |a Bogotá:  |b Universidad de Los Andes,  |c 1990 
300 |a 352 p.:  |b il., gráf., tabl. 
504 |a Incluye bibliografía. 
520 3 |a El libro presenta una visión no tradicional de las matemáticas y de la ciencia que busca, partiendo de bases elementales, el desarrollo de las capacidades para identificar, definir, analizar, simplificar y solucionar problemas. 
650 1 4 |a ENSEÑANZA DE LAS MATEMÁTICAS  |z COLOMBIA 
650 1 4 |a EDUCACIÓN SUPERIOR 
999 |c 3005  |d 3005 
856 |u https://catalogo.idep.edu.co/cgi-bin/koha/opac-detail.pl?biblionumber=3005  |z Enlace del recurso